000
00261nam a2200097Ia 4500
001
843674
005
20250826173246.0
008
250824s9999 xx 000 0 und d
245
0
_a
EVİMDE SAKLI BİLİM 4
_c
BİLGENUR ÇORLU
260
_b
DİYANET İŞLERİ YAYINLARI
999
_c
843674
_d
843674